| 000 | 00385nam a22001697a 4500 | ||
|---|---|---|---|
| 005 | 20230118123704.0 | ||
| 008 | 160701b xxu||||| |||| 00| 0 eng d | ||
| 020 | _a978-93-5014-359-9 | ||
| 041 | _aeng | ||
| 082 | _b20795 | ||
| 100 | _asharma Dr sanjay | ||
| 245 | _acommunication system | ||
| 260 | _bKatson | ||
| 300 | _a1138 | ||
| 650 |
_aPHARMACY _xD.PHARMA _97090 |
||
| 942 | _cBK | ||
| 999 |
_c5131 _d5129 |
||